Lana Del Rey - Radio Lyrics - Statistics

General Stats
  • This quiz has been taken 248 times
  • The average score is 314 of 388
Answer Stats
Answer % Correct
I
97%
me
96%
me)
96%
the
96%
a
95%
No
95%
now
94%
Now
94%
now?
94%
radio
94%
you
93%
on
91%
I'm
90%
Lick
90%
my
90%
like
89%
Like
89%
cinnamon
87%
do
87%
life
86%
sweet
86%
Sweet
86%
is
85%
playing
85%
can
84%
'cause
84%
'Cause
84%
dream
84%
fuckin'
83%
in
83%
Baby
82%
love
82%
be
81%
livin'
81%
they
81%
even
80%
and
79%
it
79%
Not
79%
how
78%
How
78%
stop
74%
up
72%
to
71%
don't
70%
take
70%
(Oh
69%
oh
69%
was
69%
vitamin
68%
because
67%
yeah
65%
found
64%
sing
64%
sugar
64%
what
64%
body's
63%
hard
62%
finally
61%
from
61%
it's
61%
about
60%
I've
59%
can't
58%
dead
58%
think
58%
been
57%
one
57%
flying
56%
dreams
55%
knows
55%
That's
55%
venom
54%
down
53%
said
53%
father
51%
overhead
51%
raised
51%
came
50%
bring
49%
true
49%
American
48%
somehow
48%
paradise
47%
were
46%
words
46%
Boy
43%
heard
42%
streets
42%
heavy
41%
Their
41%
I'd
40%
L.A.
40%
with
40%
gold
39%
chase
38%
'til
38%
paved
37%
swore
33%
'em
27%
No matching quizzes found
Score Distribution
Percent of People with Each Score
Percentile by Number Answered
Your Score History
You have not taken this quiz